000
00298 a2200157 4500
001
162578
020
_a
040
_c
Magnum
100
_a
Machado, Maria Clara
240
1
0
_a
Teatro iv
_l
por
245
1
0
_a
Teatro iv
362
0
_a
1899
440
1
_a
Agir
697
_a
IJ/TEATRO
942
_c
BK
999
_c
162578
_d
162578